UM Logo

Encounters : (Record no. 5057)

MARC details
000 -LEADER
fixed length control field 01443cam a2200349 a 4500
001 - CONTROL NUMBER
control field 11769262
005 - DATE AND TIME OF LATEST TRANSACTION
control field 20161007180928.0
008 - FIXED-LENGTH DATA ELEMENTS--GENERAL INFORMATION
fixed length control field 990810s2000 mauaf b 001 0 eng
010 ## - LIBRARY OF CONGRESS CONTROL NUMBER
LC control number 99043521
020 ## - INTERNATIONAL STANDARD BOOK NUMBER
International Standard Book Number 0-07-229045-5 (acidfree paper)
035 ## - SYSTEM CONTROL NUMBER
System control number (DLC) 99043521
040 ## - CATALOGING SOURCE
Original cataloging agency DLC
Transcribing agency DLC
Modifying agency DLC
050 00 - LIBRARY OF CONGRESS CALL NUMBER
Classification number PE1417
Item number .H69 2000
082 00 - DEWEY DECIMAL CLASSIFICATION NUMBER
Classification number DC 808.042721
Edition number 2000
Item number H85e
100 1# - MAIN ENTRY--PERSONAL NAME
Personal name Hoy, Pat C.
245 10 - TITLE STATEMENT
Title Encounters :
Remainder of title essays for exploration and inquiry /
Statement of responsibility, etc. Pat C. Hoy II, Robert DiYanni.
250 ## - EDITION STATEMENT
Edition statement Second Edition
260 ## - PUBLICATION, DISTRIBUTION, ETC. (IMPRINT)
Place of publication, distribution, etc. Boston :
Name of publisher, distributor, etc. McGraw-Hill,
Date of publication, distribution, etc. c2000.
300 ## - PHYSICAL DESCRIPTION
Extent lvi, 775 pages:
Other physical details color illustrations ;
Dimensions 24 cm.
504 ## - BIBLIOGRAPHY, ETC. NOTE
Bibliography, etc Includes bibliographical references and index.
650 #0 - SUBJECT ADDED ENTRY--TOPICAL TERM
Topical term or geographic name as entry element College readers.
650 #0 - SUBJECT ADDED ENTRY--TOPICAL TERM
Topical term or geographic name as entry element English language
General subdivision Rhetoric
Form subdivision Problems, exercises, etc.
650 #0 - SUBJECT ADDED ENTRY--TOPICAL TERM
Topical term or geographic name as entry element Report writing
Form subdivision Problems, exercises, etc.
700 1# - ADDED ENTRY--PERSONAL NAME
Personal name DiYanni, Robert.
856 42 - ELECTRONIC LOCATION AND ACCESS
Materials specified Publisher description
Uniform Resource Identifier <a href="http://www.loc.gov/catdir/description/mh023/99043521.html">http://www.loc.gov/catdir/description/mh023/99043521.html</a>
856 41 - ELECTRONIC LOCATION AND ACCESS
Materials specified Table of contents
Uniform Resource Identifier <a href="http://www.loc.gov/catdir/toc/mh023/99043521.html">http://www.loc.gov/catdir/toc/mh023/99043521.html</a>
856 42 - ELECTRONIC LOCATION AND ACCESS
Materials specified Contributor biographical information
Uniform Resource Identifier <a href="http://www.loc.gov/catdir/enhancements/fy0737/99043521-b.html">http://www.loc.gov/catdir/enhancements/fy0737/99043521-b.html</a>
906 ## - LOCAL DATA ELEMENT F, LDF (RLIN)
a 7
b cbc
c orignew
d 1
e ocip
f 19
g y-gencatlg
942 ## - ADDED ENTRY ELEMENTS (KOHA)
Source of classification or shelving scheme Dewey Decimal Classification
Koha item type Circulation
Holdings
Withdrawn status Lost status Source of classification or shelving scheme Damaged status Not for loan Collection code Home library Current library Date acquired Source of acquisition Total Checkouts Full call number Barcode Date last seen Price effective from Koha item type
    Dewey Decimal Classification     Circulation UM Digos College - LIC UM Digos College - LIC 04/26/2010 PLMP   DC 808.042721 H85e 2000 20738 05/15/2025 10/07/2016 Circulation